Breve historia de los Estados Unidos / (Record no. 178000)

MARC details
000 -LEADER
campo de control de longitud fija 00819nam a22002295i 4500
001 - NÚMERO DE CONTROL
campo de control 178000
003 - IDENTIFICADOR DE NÚMERO DE CONTROL
campo de control ES-MaACL
005 - FECHA Y HORA DE LA ÚLTIMA TRANSACCIÓN
campo de control 20250831014818.0
008 - DATOS DE LONGITUD FIJA--INFORMACIÓN GENERAL
campo de control de longitud fija 110512s1961 sp f |||| | spa d
080 ## - NÚMERO DE LA CLASIFICACIÓN DECIMAL UNIVERSAL
Número de la Clasificación Decimal Universal 94(73)(091)
100 1# - ENTRADA PRINCIPAL--NOMBRE DE PERSONA
Nombre de persona Escher, Franklin.
9 (RLIN) 146483
245 10 - MENCIÓN DEL TÍTULO
Título Breve historia de los Estados Unidos /
Mención de responsabilidad, etc. Franklin Escher, Jr ; [traducción española de Víctor Scholz].
260 ## - PUBLICACIÓN, DISTRIBUCIÓN, ETC.
Lugar de publicación, distribución, etc. Barcelona :
Nombre del editor, distribuidor, etc. Sayma,
Fecha de publicación, distribución, etc. D. L. 1961.
300 ## - DESCRIPCIÓN FÍSICA
Extensión 216, [8] p. de lám. bl. y n. ;
Dimensiones 18 cm.
490 1# - MENCIÓN DE SERIE
Mención de serie Panoramas A-Z. La universidad en su mano ;
Designación de volumen o secuencia 5
500 ## - NOTA GENERAL
Nota general Índice.
651 #4 - PUNTO DE ACCESO ADICIONAL DE MATERIA--NOMBRE GEOGRÁFICO
Nombre geográfico Estados Unidos-
Subdivisión general Historia
9 (RLIN) 8540
700 1# - ENTRADA AGREGADA--NOMBRE PERSONAL
Nombre de persona Scholz, Víctor.
9 (RLIN) 104643
830 0# - PUNTO DE ACCESO ADICIONAL DE SERIE-TÍTULO UNIFORME
Título uniforme Panoramas A-Z. La universidad en su mano ;
Designación de volumen o secuencia 5
9 (RLIN) 190680
852 ## - LOCALIZACIÓN
Ubicación ES-MaACL
Número de control de estantería E-15068
Encuadernación Olim P-269-bis
Holdings
Estatus retirado Estado de pérdida Estado de daño No para préstamo Biblioteca de origen Biblioteca actual Ubicación en estantería Fecha de adquisición Fuente de adquisición Total de préstamos Signatura topográfica completa Código de barras Visto por última vez Precio de reemplazo Tipo de ítem Koha
        Biblioteca del Ateneo de Madrid Biblioteca del Ateneo de Madrid Depósito 2 12/05/2011     E-15068 1186992 23/02/2023 23/02/2023 Libro impreso